000 01013nam a2200253Ia 4500
999 _c5091
_d5091
003 OSt
005 20200402172052.0
008 191128s1986 ck fr 000 0 spa d
020 _a8489218021
040 _aCO-JMCR
_cCO-JMCR
041 0 _aspa
082 0 4 _a320 /
_bE775e
100 1 _aEspinosa Valderrama, Augusto,
_eautor
_91699
245 1 0 _aEscritos políticos y económicos :
_b1942-1958 /
_cAugusto Espinosa Valderrama
250 _aPrimera edición
260 _aBogotá :
_bContraloría General de la República,
_c1986
300 _a4v. ;
_c24 cm.
520 _aConvencido del papel que juega la historia en el que hacer del hoy y el mañana, así como de los enormes dificultades que encuentra el estudioso para tener información de este pasado.
600 1 _aEspinosa Valderrama, Augusto
_d1919-
_xEscritos políticos
_92462
650 1 4 _aLiberalismo
_zColombia
_91700
650 1 4 _aPartido liberal
_xhistoria
_zColombia
_91701
650 1 4 _aPolítica y gobierno
_91696
942 _2ddc
_cBK